|
|
|
|
| LEADER |
01808nam a2200493 a 4500 |
| 001 |
nkc20091867017 |
| 003 |
CZ PrNK |
| 005 |
20090914102447.0 |
| 007 |
ta |
| 008 |
090407s2009 xr a e f 000 0 cze |
| 015 |
|
|
|a cnb001867017
|
| 020 |
|
|
|a 978-80-242-2485-5
|q (váz.)
|
| 035 |
|
|
|a (OCoLC)432998756
|
| 040 |
|
|
|a OLA001
|b cze
|
| 043 |
|
|
|a e-xr---
|
| 072 |
|
7 |
|a 59
|x Zoologie
|2 Konspekt
|9 2
|
| 080 |
|
|
|a 591.9
|2 MRF
|
| 080 |
|
|
|a 591.5
|2 MRF
|
| 080 |
|
|
|a 502.2
|2 MRF
|
| 080 |
|
|
|a (437.3)
|2 MRF
|
| 080 |
|
|
|a (0.062)
|2 MRF
|
| 100 |
1 |
|
|a Kholová, Helena,
|d 1932-2020
|7 xx0009731
|4 aut
|
| 245 |
1 |
0 |
|a Putování českou přírodou /
|c Helena Kholová ; fotografie Jan Rys
|
| 250 |
|
|
|a Vyd. 1.
|
| 260 |
|
|
|a Praha :
|b Knižní klub,
|c 2009
|
| 300 |
|
|
|a 208 s. :
|b barev. il. ;
|c 25 cm
|
| 521 |
8 |
|
|a Určeno pro čtenáře od 12 let
|
| 650 |
0 |
7 |
|a fauna
|7 ph114529
|z Česko
|2 czenas
|
| 650 |
0 |
7 |
|a ekologie živočichů
|7 ph114419
|z Česko
|2 czenas
|
| 650 |
0 |
9 |
|a fauna
|z Czechia
|2 eczenas
|
| 650 |
0 |
9 |
|a animal ecology
|z Czechia
|2 eczenas
|
| 651 |
|
7 |
|a Česko
|7 ge128065
|x přírodní poměry
|2 czenas
|
| 651 |
|
9 |
|a Czechia
|x natural conditions
|2 eczenas
|
| 655 |
|
7 |
|a populárně-naučné publikace
|7 fd131864
|2 czenas
|
| 655 |
|
9 |
|a popular works
|2 eczenas
|
| 700 |
1 |
|
|a Rys, Jan,
|d 1929-
|7 jk01103376
|4 pht
|
| 856 |
4 |
1 |
|u http://www.digitalniknihovna.cz/mzk/uuid/uuid:090c6e30-fe17-11e4-88cd-005056827e52
|y Digitalizovaný dokument
|x NDK
|
| 910 |
2 |
|
|a BOA001
|b 2-1226.477
|
| 928 |
9 |
|
|a Euromedia Group - Knižní klub
|
| 990 |
|
|
|a BK
|
| 995 |
|
|
|a 01
|
| 991 |
|
|
|b 200908
|c NOV
|j 591.9 KHO
|
| 996 |
6 |
|
|b 2610384025
|c 2-1226.477
|l MZK
|r Sklad / do 1 hodiny
|n 0
|p p.v.
|w 001089498
|u 000010
|a 1
|e BOA001
|j MZK50
|s P
|
| 996 |
7 |
|
|b 2610387818
|c 2-1226.477
|l MZK
|r Sklad / do 1 hodiny
|n 13
|p kup
|w 001089498
|u 000020
|a 1
|e BOA001
|j MZK50
|s A
|